02314nam a2200277 i 4500001001000000003000900010005001700019007000300036008004100039040003000080245006200110264004600172300002700218336002800245337003500273338003100308505101200339700005701351942001401408952012301422952012301545952012301668952011101791952011701902999001702019000028245DO-SdBNP20240229073821.0ta110407s2005 dr 000 0 spa d aDO-SdBNPbspacBNPHUerda00aMujeres de siempre /cpresentación Jorge A. Subero Isa. aSanto Domingo :bImpresora Azteca,c2005. a94 páginas ;c23 cm. 2rdacontent atextobtxt 2 rdamediaasin mediación bn 2rdacarrier avolumen bnc0 aPresentación -- Dedicatoria y agradecimientos -- En defensa de la sociedad/ Salomé Ureña Díaz -- Andrea Evangelina Rodríguez Perozo -- Duarte/ Ercilia Pepín Estrella -- Rosa Duarte Diez -- Una mujer está sola/ Aída Cartagena Portalatín -- Ana Emilia Abigail Mejía Soliere -- A mi patria/ Encarnación Echavarría de Del Monte -- Carmen Josefina Lora Iglesias (Piky) -- Himno a las madres/ Trina de Moya Pérez -- Adriana Billini Gautreau -- 5 Rosas de insomnio/ Melba Marrero -- Ana Teresa Paradas Sánchez -- Retozos de luz/Martha María Lamarche Darnet -- Estación de la tierra/ Milady Félix Miranda -- Margarita A. Tavarez Vidal -- El rito/ Euridice Raquel Canaán Fernádez -- Altagracia Mélida Frómeta Pereyra -- Pena Negra/ Altagracia Saviñón Saviñón -- Iluminada María Lora Peralta -- Oda Heroica a las Mirabal Carmen Natalia Martínez Bonilla -- Minerva Argentina Mirabal Reyes -- Paz de fuga/ Livia Veloz Echevarría -- Minerva Bernardino Evangelista.12aSubero Isa, Jorge A.,d1947-epresentación 976863 2ddccLBS1 00102ddc56708DSaBNPHUbBNPHUcHDd2011-04-07l0p28245-30r2020-06-25te. 3w2020-06-25yLBS1ZPréstamo en sala 00102ddc56708DSaBNPHUbBNPHUcHDd2013-04-08l0p28245-40r2020-06-25te. 4w2020-06-25yLBS1ZPréstamo en sala 00102ddc56708DSaBNPHUbBNPHUcHDd2013-10-17l0p28245-50r2020-06-25te. 5w2020-06-25yLBS1ZPréstamo en sala 00102ddc51708PDaBNPHUbBNPHUcHDd2011-04-07l0p28245-10r2020-06-25w2020-06-25yLBS1ZNo se presta 00102ddc51708PDaBNPHUbBNPHUcHDd2011-04-07l0p28245-20r2020-06-25te. 2w2020-06-25yLBS1ZNo se presta c27737d27737